| 000 | 00492nam a22001817a 4500 | ||
|---|---|---|---|
| 005 | 20251108164657.0 | ||
| 008 | 250721s9999 xx 000 0 ara d | ||
| 082 | 1 | 4 | _a523.4/إبر |
| 100 | 1 | _aغوري، إبراهيم حلمي | |
| 245 | 1 | 0 | _aالكواكب / |
| 264 | 1 |
_aبيروت : _bدار الشرق العربي، _c[19-]. |
|
| 300 | _a262ص | ||
| 490 | 0 | _aتعرف إلى ؛ 8 | |
| 650 | 1 | 7 | _aالكواكب |
| 650 | 1 | 7 | _aعلم الفلك |
| 942 |
_2ddc _cBK |
||
| 999 |
_c11614 _d11614 |
||